World Map Quiz - Statistics

General Stats
  • This quiz has been taken 3 times
  • The average score is 105 of 196
Answers on the Map
Answers color-coded by a green-red scale on the quiz's map according to % correct below.
 
Answer Stats
Answer % Correct
Afghanistan
100%
Albania
100%
Australia
100%
Belarus
100%
Brazil
100%
Bulgaria
100%
Burkina Faso
100%
Cameroon
100%
Canada
100%
Central African Republic
100%
Chad
100%
China
100%
Costa Rica
100%
Cyprus
100%
Czechia
100%
Egypt
100%
Eritrea
100%
Finland
100%
France
100%
Germany
100%
Guinea-Bissau
100%
Guyana
100%
Honduras
100%
Indonesia
100%
Iran
100%
Kenya
100%
Kuwait
100%
Laos
100%
Latvia
100%
Liberia
100%
Lithuania
100%
Malaysia
100%
Maldives
100%
Mali
100%
Morocco
100%
Myanmar
100%
Namibia
100%
Nepal
100%
Nigeria
100%
North Korea
100%
Norway
100%
Oman
100%
Pakistan
100%
Philippines
100%
Saudi Arabia
100%
Serbia
100%
Seychelles
100%
South Africa
100%
South Korea
100%
Spain
100%
Tadjikistan
100%
Thailand
100%
Tunisia
100%
Turkey
100%
Turkmenistan
100%
Uzbekistan
100%
Yemen
100%
Zambia
100%
Zimbabwe
100%
Algeria
50%
Angola
50%
Argentina
50%
Armenia
50%
Austria
50%
Bahamas
50%
Bangladesh
50%
Belgium
50%
Belize
50%
Bolivia
50%
Bosnia and Herzegovina
50%
Botswana
50%
Cambodia
50%
Chile
50%
Colombia
50%
Croatia
50%
Cuba
50%
Democratic Republic of the Congo
50%
Denmark
50%
Dominican Republic
50%
Ecuador
50%
El Salvador
50%
Equatorial Guinea
50%
Estonia
50%
Eswatini
50%
Ethiopia
50%
Gabon
50%
Ghana
50%
Greece
50%
Guatemala
50%
Guinea
50%
Hungary
50%
Iceland
50%
India
50%
Iraq
50%
Ireland
50%
Israel
50%
Italy
50%
Ivory Coast
50%
Jamaica
50%
Japan
50%
Jordan
50%
Kazakhstan
50%
Kyrgyzstan
50%
Lebanon
50%
Lesotho
50%
Libya
50%
Luxembourg
50%
Madagascar
50%
Malawi
50%
Malta
50%
Mauritania
50%
Mauritius
50%
Mexico
50%
Moldova
50%
Mongolia
50%
Mozambique
50%
Netherlands
50%
New Zealand
50%
Niger
50%
North Macedonia
50%
Panama
50%
Papua New Guinea
50%
Paraguay
50%
Peru
50%
Poland
50%
Portugal
50%
Romania
50%
Russia
50%
Senegal
50%
Slovakia
50%
Slovenia
50%
Somalia
50%
South Sudan
50%
Sri Lanka
50%
Sudan
50%
Suriname
50%
Sweden
50%
Switzerland
50%
Syria
50%
Taiwan
50%
Tanzania
50%
Togo
50%
Uganda
50%
Ukraine
50%
United Arab Emirates
50%
United Kingdom
50%
United States
50%
Uruguay
50%
Venezuela
50%
Vietnam
50%
Andorra
0%
Antigua and Barbuda
0%
Azerbaijan
0%
Bahrain
0%
Barbados
0%
Benin
0%
Bhutan
0%
Brunei
0%
Burundi
0%
Cabo Verde
0%
Comoros
0%
Djibouti
0%
Dominica
0%
Fiji
0%
Gambia
0%
Georgia
0%
Grenada
0%
Kiribati
0%
Liechtenstein
0%
Marshall Islands
0%
Micronesia
0%
Monaco
0%
Montenegro
0%
Nauru
0%
New Caledonia
0%
Nicaragua
0%
Palau
0%
Palestine
0%
Qatar
0%
Rwanda
0%
Saint Kitts and Nevis
0%
Saint Lucia
0%
Saint Vincent and the Grenadines
0%
Samoa
0%
San Marino
0%
Sao Tome and Principe
0%
Sierra Leone
0%
Singapore
0%
Solomon Islands
0%
Swaziland
0%
Timor-Leste
0%
Tonga
0%
Trinidad and Tobago
0%
Tuvalu
0%
Vanuatu
0%
Vatican City
0%
No matching quizzes found
Score Distribution
Percent of People with Each Score
Percentile by Number Answered
Your Score History
You have not taken this quiz